| 000 | 00481nam a22001817a 4500 | ||
|---|---|---|---|
| 003 | NUST - PNEC | ||
| 005 | 20170116180951.0 | ||
| 008 | 150908b xxu||||| |||| 00| 0 eng d | ||
| 020 | _a030833701 | ||
| 020 | _a030836301 | ||
| 040 | _cLIBRARY | ||
| 082 | _a621.3192 JOH | ||
| 100 |
_99126 _aJohnson, J. Richard |
||
| 245 |
_aElectric circuits: Part 2 Alternating current _cJ. Richard Johnson |
||
| 260 | _cc.1970 | ||
| 650 |
_99128 _aElectric circuits _xEE |
||
| 942 |
_2ddc _cBK |
||
| 999 |
_c66414 _d66414 |
||